| 000 | 00000nam##2200000za#4500 |
| 001 | 9.581160 |
| 003 | CaOODSP |
| 005 | 20210624191403 |
| 007 | cr ||||||||||| |
| 008 | 150406|2004||||xxc|||||o f|0| 0 eng|d |
| 040 | |aCaOODSP|beng |
| 043 | |an-cn--- |
| 086 | 1 |aNH18-22/104-111E-PDF |
| 110 | 2 |aCanada Mortgage and Housing Corporation. |
| 245 | 10|aCharacterizing the condominium population of the greater Ottawa, 1969-2002 |h[electronic resource] |
| 250 | |aRevised 2005, 2010 |
| 260 | |aOttawa - Ontario : |bCanada Mortgage and Housing Corporation |cc2004, 2005, 2010. |
| 300 | |a4p.|bcoloured figs., tables |
| 490 | 1 |aResearch highlight. Technical series |v04-111 |
| 500 | |aFile reproduced from original print. |
| 590 | |a14-20-Supp|b2014-11-25 |
| 775 | 08|tCaractérisation des ensembles en copropriété de la grande région d'Ottawa pour la période de 1969 à 2002 |w(CaOODSP)9.608008 |
| 776 | 0#|tCharacterizing the condominium population of the greater Ottawa, 1969-2002 |w(CaOODSP)9.617085 |
| 830 | #0|aResearch highlight. Technical series ;|v04-111|w(CaOODSP)9.504482 |
| 856 | 40|ahttp://publications.gc.ca|qPDF|s207 KB|uhttps://publications.gc.ca/collections/collection_2014/schl-cmhc/NH18-22-104-111-eng.pdf|y04-111 |